Estudio de pre-factibilidad técnica y financiera para la fabricación de fertilizantes utilizando azufre elemental en las instalaciones de una refinería de petróleo

Kaydedildi:
Detaylı Bibliyografya
Yazar: Valverde González, Kryssia
Materyal Türü: Kitap
Dil:Spanish
Baskı/Yayın Bilgisi: [San José, Costa Rica] 2012
Konular:
Etiketler: Etiketle
Etiket eklenmemiş, İlk siz ekleyin!

MARC

LEADER 00000nam a22000007a 4500
003 010827
005 20221231143925.0
008 151028b2012 cr a|||| |||| 00| 0 spa d
040 |c cru CEDI 
090 |a TFG 6649 
100 |9 1854  |a Valverde González, Kryssia  
245 |a  Estudio de pre-factibilidad técnica y financiera para la fabricación de fertilizantes utilizando azufre elemental en las instalaciones de una refinería de petróleo 
260 |a [San José, Costa Rica]  |c 2012 
500 |a Proyecto de graduación (licenciatura en ingeniería química)--Universidad de Costa Rica. Facultad de Ingeniería. Escuela de Ingeniería Química 
650 |x AZUFRE COMO FERTILIZANTE - FABRICACIÓN - COSTOS   |x  AZUFRE COMO FERTILIZANTE - FABRICACIÓN - EQUIPO Y ACCESORIOS   |x ESTUDIOS DE FACTIBILIDAD   |x AZUFRE - APLICACIONES INDUSTRIALES - COSTA RICA   |x ACIDOS SULFONICOS - PRODUCCION - EQUIPOS Y ACCESORIOS  |x BENTONITA - APLICACIONES INDUSTRIALES - COSTA RICA   |x REFINADORA COSTARRICENSE DE PETROLEO. PLANTEL DE MOIN - ASPECTOS AMBIENTALES  |9 1855 
942 |c TFG 
999 |c 14301  |d 14301